Proyecto de un hotel para la zona del Mercado de Abastos de Guadalajara /

Guardado en:
Bibliografiske detaljer
Hovedforfatter: Obeso Martínez, Jaime de (autor)
Andre forfattere: Brizuela Quiroz, Víctor Manuel (autor) (autor)
Format: Tesis Bog
Sprog:spansk
Udgivet: Guadalajara, México : edición de autor, 1976
Fag:
Tags: Tilføj Tag
Ingen Tags, Vær først til at tagge denne postø!

MARC

LEADER 00000nam^a2200000^a^4500
001 000043703
005 20250521000000.0
009 20260310085825.239
037 |a Acervo ITESO - Biblioteca 
041 |a ESP 
090 |a LAE. 37 
100 |a Obeso Martínez, Jaime de  |e (autor) 
245 1 0 |a Proyecto de un hotel para la zona del Mercado de Abastos de Guadalajara /  |c J. de Obeso Martínez, V.M. Brizuela Quiroz. 
264 1 |a Guadalajara, México :  |b edición de autor,  |c 1976 
300 |a 52 p. 
336 |a texto  |b txt  |2 rdacontenido 
337 |a sin mediación  |b n  |2 rdamedio 
338 |a volumen  |b nc  |2 rdasoporte 
502 |a ITESO Tesis de Licenciatura en Administración de Empresas 
649 |a XX 
650 |a Ciencias Administrativas 
650 |a Hoteles -  |z Londres, Inglaterra 
700 |a Brizuela Quiroz, Víctor Manuel  |e (autor) 
910 |a Fondo General 
920 |a Impresos - Tesis del ITESO 
930 |a Colección General 
905 |a 104 
901 |a T004610100  |b IT2  |c TSS  |i 800461  |u 20250521 
902 |a https://opac.biblio.iteso.mx/vufind/Record/000043703